000 00455nam a2200145Ia 4500
008 191206s9999 xx 000 0 und d
020 _a155553239X (cloth :
090 _aML82.W65
245 0 _aWomen in music: an anthology of source readings from the Middle Ages to the present
250 _aRev. ed.
260 _aNortheastern University Press
260 _cc1996
300 _a"xviii, 400 p. : ill. ; 21 cm."
999 _c17308
_d17308